Statistics for Countries Home to 10 or More English Premier League Players

Click here to take the quiz!

General Stats

  • This quiz has been taken 182 times
  • The average score is 40 of 50

Answer Stats

#Country% Correct
1464England
98%
116Spain
97%
193France
97%
47Germany
96%
163Ireland
96%
113Wales
94%
65Italy
94%
63Argentina
94%
41United States
94%
62Brazil
94%
51Portugal
94%
187Scotland
93%
60Sweden
93%
122Netherlands
91%
56Denmark
91%
63Norway
89%
46Australia
88%
45Belgium
87%
14Chile
85%
62Northern Ireland
85%
14Poland
83%
21Greece
82%
16Finland
82%
24Côte d'Ivoire
81%
22Croatia
81%
12Colombia
80%
36Nigeria
80%
14South Africa
79%
22Serbia
79%
12Austria
78%
19Uruguay
78%
14Slovakia
77%
10Egypt
77%
25Switzerland
77%
11Canada
77%
17Iceland
75%
13South Korea
75%
25Czechia
75%
14Turkey
73%
24Ghana
72%
27Cameroon
72%
16Morocco
71%
32Senegal
70%
14Algeria
69%
13Romania
69%
11Ecuador
53%
41Jamaica
44%
14Israel
42%
10DR Congo
42%
11Mali
38%

Score Distribution

Percentile by Number Answered

Percent of People with Each Score

Your Score History

You have not taken this quiz